Halloween... Que Grande Medufa! (Registo nº 1066)
[ vista simples ]
| 000 -Etiqueta do registo | |
|---|---|
| Cabeçalho | 00859nam0a2200301 i 4500 |
| 005 - Identificador da versão | |
| Campo de controlo | 20240813121824.0 |
| 010 ## - Número internacional normalizado dos livros (ISBN) | |
| Número (ISBN) | 9789722342360 |
| 021 ## - Número do Depósito Legal | |
| Código do país | PT |
| Número | 299 272/09 |
| 035 ## - Other System Control Numbers | |
| System Control Number | 0001115 |
| 100 ## - Dados gerais de processamento | |
| Dados gerais de processamento | 20100208d dc y0pory5003 ba |
| 102 ## - Pais de publicação ou produção | |
| País de publicação | Portugal |
| 101 1# - Língua de publicação | |
| Língua do texto, banda sonora, etc. | Português |
| Língua do documento no original | Italiano |
| 106 ## - Campo de dados codificados: material textual | |
| Dados codificados do material textual | r |
| 105 ## - Campo de dados codificados: livros | |
| Dados codificados dos livros | a z 001yy |
| 215 ## - Descrição física | |
| Indicação específica da natureza do documento e extensão da espécie | 116 p. |
| Outras indicações físicas | il. |
| Dimensões | 19 cm. |
| 200 1# - Titulo e menção de responsabilidade | |
| Título próprio | Halloween... Que Grande Medufa! |
| Primeira menção de responsabilidade | Geronimo Stilton |
| Outras menções de responsabilidade | trad. Carlos Grifo Babo |
| -- | il. Larry Keys, Blasco Tabasco |
| 225 2# - Colecção | |
| Título próprio da colecção | Geronimo Stilton |
| Indicação de volume | 36 |
| 205 ## - Menção da edição | |
| Menção da edição | 1ª ed. |
| 210 ## - Publicação, Distribuição, etc. | |
| Lugar da edição, distribuição, etc. | Lisboa |
| Nome do editor, distribuidor, etc. | Editorial Presença |
| Data da publicação, distribuição, etc. | 2009 |
| 304 ## - Notas relativas a título e menção de responsabilidade | |
| Texto da nota | Tít. orig.: Halloween... Che Fifa Felina! |
| 675 ## - Classificação Decimal Universal (CDU) | |
| Notação | 087.5 |
| Edição | BN |
| Língua da edição | por |
| 701 #1 - Nome de autor-pessoa física (co-responsabilidade principal) | |
| Palavra de ordem | Babo |
| Outra parte do nome não tomada para palavra de ordem | Carlos Grifo |
| 700 #1 - Nome de autor-pessoa física (responsabilidade principal) | |
| Número de registo de entrada de autoridade | 0001207 |
| Palavra de ordem | Stilton |
| Outra parte do nome não tomada para palavra de ordem | Geronimo |
| 942 ## - Elementos de entrada adicionados (Koha) | |
| Tipo de item no Koha | Livro |
| Situação do levantamento | Origin of item (home branch) (coded) | Biblioteca de empréstimo | Código de barras | Cota | Circulation type (not for loan) | Tipo de documento | Nota do exemplar | Damaged status |
|---|---|---|---|---|---|---|---|---|
| Biblioteca Escolar Eng. Nuno Mergulhão | Biblioteca Escolar Eng. Nuno Mergulhão | BENM1923 | 8EST STI | Livro | Sem mensagem |
